000 00240nam a22000857a 4500
008 160713b xxu||||| |||| 00| 0 eng d
100 _92726
_a Zinn, C.J
245 _aHow Our Laws are Made
260 _aWashington
_b Government Printing Office
_c1965
999 _c2366
_d2366